| 000 | 00343nam a2200145Ia 4500 | ||
|---|---|---|---|
| 008 | 191201s2006 xx 000 0 und d | ||
| 082 |
_a658.150091 _bMAI |
||
| 100 | _aMADHU, V I J | ||
| 245 | 0 | _aInternational Finance Management | |
| 250 | _a1st | ||
| 260 |
_aN.Delhi _bExcel Books _c2006 |
||
| 300 | _a668 | ||
| 650 | _aMBA | ||
| 942 |
_2ddc _cBK |
||
| 999 |
_c2701 _d2701 |
||